| Tag |
First Indicator |
Second Indicator |
Subfields |
| LEADER |
00000cam a22000001i 4500 |
| 001 |
in00003423921 |
| 006 |
m |o d | |
| 007 |
cr |n||||||||| |
| 008 |
130917s2013 ne ob 001 0 eng d |
| 005 |
20250816213808.3 |
| 020 |
|
|
|a 9027271666 (electronic bk.)
|
| 020 |
|
|
|a 9789027271662 (electronic bk.)
|
| 020 |
|
|
|z 9789027213174 (hb : alk. paper)
|
| 020 |
|
|
|z 9027213178 (hb : alk. paper)
|
| 020 |
|
|
|z 9789027213181 (pb : alk. paper)
|
| 020 |
|
|
|z 9027213186 (pb : alk. paper)
|
| 035 |
|
|
|a (NhCcYBP)ebr10740394
|
| 040 |
|
|
|a NhCcYBP
|c NhCcYBP
|d UtOrBLW
|
| 050 |
|
4 |
|a P118.2
|b .I54 2013
|
| 082 |
0 |
4 |
|a 418.0071
|2 23
|
| 245 |
0 |
0 |
|a Innovative research and practices in second language acquisition and bilingualism /
|c Edited by John W. Schwieter, Wilfrid Laurier University.
|
| 264 |
|
1 |
|a Amsterdam :
|b John Benjamins Publishing Company,
|c 2013.
|
| 300 |
|
|
|a 1 online resource.
|
| 336 |
|
|
|a text
|b txt
|2 rdacontent
|
| 337 |
|
|
|a computer
|b c
|2 rdamedia
|
| 338 |
|
|
|a online resource
|b cr
|2 rdacarrier
|
| 490 |
1 |
|
|a Language learning & language teaching,
|x 1569-9471 ;
|v v. 38
|
| 500 |
|
|
|a Description based on print version record.
|
| 504 |
|
|
|a Includes bibliographical references and index.
|
| 588 |
|
|
|a Description based on print version record.
|
| 500 |
|
|
|a Electronic resource.
|
| 650 |
|
0 |
|a Second language acquisition
|x Study and teaching.
|
| 650 |
|
0 |
|a Second language acquisition
|x Research.
|
| 650 |
|
0 |
|a Language and languages
|x Study and teaching.
|
| 650 |
|
0 |
|a Language and languages
|x Research.
|
| 650 |
|
0 |
|a Education, Bilingual.
|
| 650 |
|
0 |
|a Language acquisition.
|
| 655 |
|
7 |
|a Electronic books.
|2 local
|
| 700 |
1 |
|
|a Schwieter, John W.,
|d 1979-
|e editor.
|
| 710 |
2 |
|
|a ebrary, Inc.
|
| 776 |
1 |
8 |
|c Original
|z 9789027213174
|z 9027213178
|z 9789027213181
|z 9027213186
|w (DLC) 2013020754
|
| 830 |
|
0 |
|a Language learning and language teaching.
|x 1569-9471 ;
|v v. 38.
|
| 856 |
4 |
1 |
|u https://ebookcentral.proquest.com/lib/tamucs/detail.action?docID=1331836
|y Connect to the full text of this electronic book
|t 0
|
| 955 |
|
|
|a PDA YBP record
|
| 999 |
f |
f |
|s f58bf4b9-bc2e-3c22-ba16-a8738f7484a6
|i 097a1f63-e367-3463-ac84-c6212cbce85c
|t 0
|
| 999 |
|
|
|a MARS
|
| 952 |
f |
f |
|a Texas A&M University
|b College Station
|c Electronic Resources
|d Available Online
|t 0
|e P118.2 .I54 2013
|h Library of Congress classification
|
| 998 |
f |
f |
|a P118.2 .I54 2013
|t 0
|l Available Online
|